000 02979nam a2200253Ia 4500
003 CO-CtgCURN
005 20250410145737.0
008 190723s2002 xx 000 0 spa d
020 _a9586903354
040 _aCO-CtgCURN
_bspa
_ccoctgcurn
082 _a344.01
_bG934t
100 _aGuerrero Figueroa, Guillermo
_d1934-
_eautor
_94794
245 0 _aTeoría general del derecho laboral /
_cGuillermo Guerrero Figueroa
250 _a5 edición
260 _aBogotá, Colombia :
_bLeyer,
_c2002
300 _a524 páginas ;
_c24 centímetros
504 _aIncluye referencias bibliográficas
505 _aEl trabajo: evolucion historico-juridica del trabajo -- El trabajo y su reglamentacion en los pueblos de America precolombina -- El trabajo en la America hispanica y en Colombia -- Doctrinas sociales en la formacion del derecho laboral -- Revoluciones y movimientos en la formacion del derecho laboral -- Otros acontecimientos en la formacion del derecho laboral -- Cartas, declaraciones y conferencias internacionales en la formacion del derecho laboral -- Las constituciones en el derecho de trabajo -- El artículo 123 de la constitucion mexicana en la formacion del derecho del trabajo -- Las Leyes de Indias y el derecho del trabajo -- Doctrina y legislacion en la evolucion del derecho laboral colombiano -- El movimiento sindical en Colombia -- Cuestion terminologica -- Aspectos generales del derecho del trabajo -- Generalidades sobre el trabajo -- El derecho del trabajo en relacion con el estado social de derecho, con la democracia y con los derechos humanos -- Fuentes del derecho del trabajo -- Fuentes internas de origen estatal -- Fuentes internas de origen particular -- Fuentes internas de origen mixto -- Las fuentes de derecho laboral de origen externo -- Organizacion internacional del trabajo (O.I.T.) -- La interpretacion de las normas laborales -- Principios fundamentales del derecho del trabajo -- Principios fundamentales eminentemente jurídicos establecidos en la legislacion laboral en forma expresa o tacita -- Principios fundamentales especiales contemplados en la Constitucion Politica Nacional -- Principios fundamentales minimos en la Constitucion Nacional para proteger al trabajador por cuenta ajena -- Principios fundamentales de las relaciones colectivas laborales en la Constitucion Nacional -- Algunas formas de protección de los derecho económicos del trabajador -- Sujetos del derecho laboral -- La empresa y el derecho del trabajo -- El Jus Variandi en el derecho laboral -- Prescripcion y caducidad en el derecho laboral -- Conflictos laborales -- Solucion de los conflictos laborales -- Vigencia y control de las normas laborales -- Contrato de trabajo y relacion de trabajo
521 _aAREA PROFESIONAL
590 _aPrograma de Derecho_18
650 _aDerecho laboral
_zColombia
_94795
942 _cBK
_h344.01
_iG934t
_01
_2ddc
_n0
999 _c28630
_d28630